Sự thích nghi của một số loài thủy sinh thực vật ở đồng bằng sông Cửu Long trong các thủy vực ô nhiễm hữu cơ tại thành phố Cần Thơ : Đề tài cấp trường

Đề tài được thực hiện nhằm : Khảo sát sự phân bố của loài thực vật chỉ thị tại khu vực ô nhiễm hữu cơ.Nghiên cứu các đặc điểm lí hóa của thủy vực ô nhiễm hữu cơ. Xác định cấu trúc mô khí và khả năng hấp thu dinh dưỡng của các l...

Täydet tiedot

Tallennettuna:
Bibliografiset tiedot
Päätekijä: Trương, Hoàng Đan
Aineistotyyppi: Kirja
Kieli:Undetermined
Julkaistu: Cần Thơ Trường Đại học Cần Thơ 2011
Aiheet:
Tagit: Lisää tagi
Ei tageja, Lisää ensimmäinen tagi!
Thư viện lưu trữ: Trung tâm Học liệu Trường Đại học Cần Thơ
LEADER 01362nam a2200229Ia 4500
001 CTU_164934
008 210402s9999 xx 000 0 und d
082 |a 581.76 
082 |b Đ105 
088 |a T2010-18 
100 |a Trương, Hoàng Đan 
245 0 |a Sự thích nghi của một số loài thủy sinh thực vật ở đồng bằng sông Cửu Long trong các thủy vực ô nhiễm hữu cơ tại thành phố Cần Thơ : 
245 0 |b Đề tài cấp trường 
245 0 |c Trương Hoàng Đan 
260 |a Cần Thơ 
260 |b Trường Đại học Cần Thơ 
260 |c 2011 
520 |a Đề tài được thực hiện nhằm : Khảo sát sự phân bố của loài thực vật chỉ thị tại khu vực ô nhiễm hữu cơ.Nghiên cứu các đặc điểm lí hóa của thủy vực ô nhiễm hữu cơ. Xác định cấu trúc mô khí và khả năng hấp thu dinh dưỡng của các loài thủy sinh thực vật. Đề xuất các loài thủy sinh thực vật có kảh năng xử lí nước. 
650 |a Aquatic plants,Thực vật thủy sinh 
904 |i Thoa, Hải 
915 |a MT 
980 |a Trung tâm Học liệu Trường Đại học Cần Thơ